00457pab a2200145 454500008004000000100002100040245011300061260000900174300001400183362001100197650002400208650001500232650001800247773004600265180718b2008 xxu||||| |||| 00| 0 eng d aHerbst, Chris M. aDo social policy reforms have different impacts on employment and welfare use as economic conditions change? c2008 ap.867-94. aAutumn aEconomic conditions aEmployment aSocial policy aJournal of Policy Analysis and Management